Platicas predicadas (Record no. 8364)
[ view plain ]
| 000 -CABECERA | |
|---|---|
| campo de control de longitud fija | 02075nam a2200253 a 4500 |
| 001 - NÚMERO DE CONTROL | |
| campo de control | BRCA_8712 |
| 005 - FECHA Y HORA DE LA ÚLTIMA TRANSACCIÓN | |
| campo de control | 20190320210357.0 |
| 008 - DATOS DE LONGITUD FIJA--INFORMACIÓN GENERAL | |
| campo de control de longitud fija | 030217s1778----sp-#######---#000-0#spa-# |
| 041 ## - CÓDIGO DE LENGUA | |
| Código de lengua del texto/banda sonora o título independiente | spa |
| 044 ## - CÓDIGO DEL PAÍS DE LA ENTIDAD EDITORA/PRODUCTORA | |
| Código MARC del país | sp |
| 084 ## - OTRO NÚMERO DE CLASIFICACIÓN | |
| Número de clasificación | BE53 |
| Número de documento/Ítem | .G35 1778 |
| 100 1# - ENTRADA PRINCIPAL--NOMBRE DE PERSONA | |
| Nombre de persona | Gallo y Fuentes, Nicolas |
| Fechas asociadas al nombre | 1690 - 1757 |
| 9 (RLIN) | 21705 |
| 245 10 - MENCIÓN DE TÍTULO | |
| Título | Platicas predicadas |
| Mención de responsabilidad, etc. | por el P.D. Nicolas Gallo Prebistero de la Congregacion del Salvador del mundo de Madrid; de orden, y á presencia del Eminentisimo Señor D. Diego de Astorga, Cardenal de la Santa Romana Iglesia, y Arzobispado de Toledo, à los Eclesiásticos de Madrid, y del Arzobispado, en que se les exponen todo sus obligaciones en quanto Sacerdotes, Predicadores, y Confesores, con una instrucción práctica correspondiente á cada uno de estos Ministerios. |
| 260 ## - PUBLICACIÓN, DISTRIBUCIÓN, ETC. | |
| Lugar de publicación, distribución, etc. | Madrid |
| Nombre del editor, distribuidor, etc. | En la Oficina de D. Manuel Martin |
| Fecha de publicación, distribución, etc. | 1778 |
| 300 ## - DESCRIPCIÓN FÍSICA | |
| Extensión | [6], 366 p. |
| Dimensiones | 21 x 14.5 cm |
| 500 ## - NOTA GENERAL | |
| Nota general | En portada: Las da a luz D. Francisco Ignacio de Cortines, Fiscal de las Reales Acequias de Xorama y Colmenar, Abogado del Colegio de esta Corte, Individuo de la Real Sociedad Económica Matritense de Amigos del País, y de la Real Academia de Buenas Letras de Sevilla, &c. |
| 500 ## - NOTA GENERAL | |
| Nota general | Con marca de fuego: “Procedencia de la marca: Convento de San Francisco de Querétaro(1). Institución: Orden de Frailes Menores. Provincia de San Pedro y San Pablo de Michoacán. Descripción: Monograma: Letras iniciales S[an] F[rancisco] D[e] Q[uerétar]o. Observaciones: David Saavedra la asigna a la Academia de Dibujo de San Fernando de Querétaro; Carlos Krausse al Colegio de Propaganda Fide de San Fernando de México. Ubicación de la marca en el libro: Canto superior, inferior y frontal” |
| 500 ## - NOTA GENERAL | |
| Nota general | Estado físico: presenta encuadernación en pergamino y lomo semi desprendido |
| 650 14 - PUNTO DE ACCESO ADICIONAL DE MATERIA--TÉRMINO DE MATERIA | |
| Término de materia o nombre geográfico como elemento de entrada | Teología pastoral |
| Subdivisión cronológica | S. XVIII |
| 9 (RLIN) | 21706 |
| 700 1# - PUNTO DE ACCESO ADICIONAL--NOMBRE DE PERSONA | |
| Nombre de persona | Cortines, Francisco Ignacio de |
| 9 (RLIN) | 21707 |
| 856 ## - LOCALIZACIÓN Y ACCESO ELECTRÓNICOS | |
| Nombre del host | http://www.marcasdefuego.buap.mx:8180/xmLibris/projects/firebrand/item.jsp?repository=marcas_de_fuego&key=6faee58a.xml&num=15 |
| 902 ## - CATALOGADOR | |
| Iniciales | CFM |
| 942 ## - ELEMENTOS DE PUNTO DE ACCESO ADICIONAL (KOHA) | |
| Fuente del sistema de clasificación o colocación | Library of Congress Classification |
| Tipo de ítem Koha | Libros |
| Estado de retiro | Estado de pérdida | Estado dañado | No para préstamo | Localización permanente | Ubicación/localización actual | Fecha de adquisición | Total de préstamos | Signatura topográfica completa | Código de barras | Fecha visto por última vez | Precio válido a partir de | Tipo de ítem Koha |
|---|---|---|---|---|---|---|---|---|---|---|---|---|
| El ejemplar forma parte de la colección y puede ser consultado según las políticas vigentes. | Biblioteca del Museo Franz Mayer (Rogerio Casas-Alatriste) | Biblioteca del Museo Franz Mayer (Rogerio Casas-Alatriste) | 03/02/2017 | BE53 .G35 1778 | CFM00049 | 22/03/2019 | 22/03/2019 | Libros |